Music Quiz

Random Music or Bands Quiz

Common Words in Metal Band Names Quiz Stats

 Plays Quiz Updated Sep 26, 2014

Challenge
Share
Tweet
Embed
Score 0/100 Timer 10:00
8 Plays Today
Rank Word % Correct
1Death
84.7%
2Black
77.7%
22Metal
73.7%
15Kill
56.2%
3Dark
55.1%
92Devil
55.1%
4Blood
54.7%
5Dead
51.5%
6Hell
50.2%
31Satan
49.2%
73Iron
44.2%
13God
42.6%
17Fire
40.8%
10Night
37.2%
98Murder
35.2%
16Angel
35.1%
14Evil
33.9%
30Demon
32.3%
12Hate
31.2%
7War
30%
49Steel
27.2%
21Head
26.7%
61Corpse
24.8%
25Moon
22.8%
59King
22.6%
24Light
21.7%
32Pain
21.6%
27Grave
20.8%
97Dying
20.7%
89F***
20.7%
35Burn
19.8%
47Stone
18.5%
84Earth
18.3%
46Wolf
18%
Rank Word % Correct
44Fear
17.8%
87Skull
17.7%
36Witch
16.9%
78Star
16.8%
19Rain
16.8%
88Anger
16.5%
41Rage
16.4%
86Cold
16.1%
48Christ
15.8%
60Doom
15.8%
20Lord
15.5%
11Fall
15.2%
9Soul
15%
64Machine
15%
63Down
14.9%
18Storm
14.9%
52Hammer
14.3%
58Gore
14.2%
55Cross
13%
50Rot
12.6%
85Power
12.5%
40Goat
11.6%
34Dream
11.6%
67Wind
11.2%
100Slaughter
10.7%
26Winter
10.4%
68Brain
10.2%
83Sick
10.1%
81Time
10.1%
51Funeral
10%
38Flesh
10%
77Morbid
9.9%
42Terror
9.8%
69Lost
9.6%
Rank Word % Correct
95Thrash
9.5%
8Necro
9.5%
39Cult
9.4%
29Shadow
9.3%
76Spirit
9.3%
70Grim
9.1%
45Throne
8.6%
80Tears
8.5%
74Face
8.5%
28Dawn
8.2%
43Force
8.1%
57Frost
8%
82Forest
8%
56Gate
7.8%
75Raven
7.6%
96Suffer
7.3%
23Human
7.3%
71Ash
7.1%
33Eternal
6.9%
94Plague
6.7%
90Fallen
6.5%
91Grind
6.3%
37Chaos
6%
65Crypt
5.6%
54Ritual
5.3%
53Torment
5%
66Infernal
4.6%
72Legion
4.6%
62Beyond
4.5%
99Divine
4.5%
79Silent
4%
93Ruin
3.8%

You're not logged in!

Compare scores with friends on all Sporcle quizzes.
OR
Log In

You Might Also Like...

Show Comments

Extras

Top Quizzes Today


Score Distribution

Your Account Isn't Verified!

In order to create a playlist on Sporcle, you need to verify the email address you used during registration. Go to your Sporcle Settings to finish the process.

Report this User

Report this user for behavior that violates our Community Guidelines.

Details: